শাহাজাদপুরের ইতিকথা / (Record no. 39652)
[ view plain ]
| 000 -LEADER | |
|---|---|
| fixed length control field | 00992nam a2200253 a 4500 |
| 001 - CONTROL NUMBER | |
| control field | 39652 |
| 003 - CONTROL NUMBER IDENTIFIER | |
| rucl marc code | BD-RjUL |
| 005 - DATE AND TIME OF LATEST TRANSACTION | |
| control field | 20211209053032.0 |
| 008 - FIXED-LENGTH DATA ELEMENTS--GENERAL INFORMATION | |
| fixed length control field | 160416s2015 bg a|||| b||| 00| 0 ben d |
| 020 ## - INTERNATIONAL STANDARD BOOK NUMBER | |
| Terms of availability | : Tk. 200.00 |
| 035 ## - SYSTEM CONTROL NUMBER | |
| System control number | (BD-RjUL)39765 |
| 040 ## - CATALOGING SOURCE | |
| Original cataloging agency | BD-RjUL |
| Language of cataloging | ben |
| Transcribing agency | BD-RjUL |
| 041 ## - LANGUAGE CODE | |
| Language code of text/sound track or separate title | ben |
| 082 ## - DEWEY DECIMAL CLASSIFICATION NUMBER | |
| Edition number | 23 |
| Classification number | 954.924 |
| Author mark and year | HOS 2015 |
| 100 ## - MAIN ENTRY--PERSONAL NAME | |
| Personal name | হোসেন, আনোয়ার |
| 9 (RLIN) | 122132 |
| 245 ## - TITLE STATEMENT | |
| Title | শাহাজাদপুরের ইতিকথা / |
| Statement of responsibility, etc. | আনোয়ার হোসেন |
| 260 ## - PUBLICATION, DISTRIBUTION, ETC. (IMPRINT) | |
| Place of publication, distribution, etc. | বগুড়া : |
| Name of publisher, distributor, etc. | সাপ্তাহিক শাহজাদপুর বার্তা, |
| Date of publication, distribution, etc. | ২০১৫. |
| 300 ## - PHYSICAL DESCRIPTION | |
| Pagination | ২২৩ পৃ. : |
| Illustrations | চিত্র. ; |
| Size | ২০ সেমি. |
| 500 ## - GENERAL NOTE | |
| General note | শুদ্ধিপত্র সংযুক্ত |
| 504 ## - BIBLIOGRAPHY, ETC. NOTE | |
| Bibliography, etc | গ্রন্থপঞ্জি সংযুক্ত |
| 650 ## - SUBJECT ADDED ENTRY--TOPICAL TERM | |
| Topical term or geographic name as entry element | ইতিহাস |
| Geographic subdivision | বাংলাদেশ |
| 9 (RLIN) | 122133 |
| Topical term or geographic name as entry element | Bangladesh |
| Geographic subdivision | History |
| 9 (RLIN) | 122134 |
| 942 ## - ADDED ENTRY ELEMENTS (KOHA) | |
| Source of classification or shelving scheme | Dewey Decimal Classification |
| Koha item type | Books |
| Lost status | Source of classification or shelving scheme | Damaged status | Not for loan | Collection code | Permanent Location | Current Location | Shelving location | Date acquired | Source of acquisition | Cost, normal purchase price | Total Checkouts | Full call number | Date last seen | Copy number | Koha item type |
|---|---|---|---|---|---|---|---|---|---|---|---|---|---|---|---|
| Dewey Decimal Classification | Not For Loan | Non-fiction | Central Library, University of Rajshahi | Central Library, University of Rajshahi | Reading Room | 11/02/2016 | RUCL | 200.00 | B 954.924 HOS 2015 | 16/04/2016 | C-1 | Books | |||
| Dewey Decimal Classification | Non-fiction | Central Library, University of Rajshahi | Central Library, University of Rajshahi | 11/02/2016 | RUCL | 200.00 | B 954.924 HOS 2015 | 16/04/2016 | C-2 | Books |